000 00807nam a22002897a 4500
001 BR8904626
003 BR-BrBNA
005 20230928093316.0
007 ta
008 230509b bl.||||| |||| 00| 0 por d
040 _aBR-BrBNA
_bpor
_cBiblioteca Nacional de Agricultura
041 _a(Por)
072 _aL01
_b5212
_b9410
090 _ 5212 BR8904626
100 1 _aKassies, H.B.
110 1 _aCooperativa Central de Laticinios do Parana Ltda., Castro (Brasil)
_92820
245 1 _aManual para a pecuaria leiteira
260 3 _aCastro, PR (Brasil):
_c1984.
300 _a108 p.
500 _a19 illus.; 9 graphs.; 13 tables
650 _aGADO LEITEIRO
650 _aPRODUCAO ANIMAL
650 _aNUTRICAO ANIMAL
650 _aMANEJO
909 _a202309
_bLucia
_c55
_dLucia Elande
942 _cBK
999 _c44229
_d44229